00959nam a2200253Ia 4500003000400000005001700004008004100021020001800062040001800080041000800098082001900106100002600125245007600151250001200227260005600239300002900295650003300324650006300357650004200420700002700462942002900489999001900518952016800537OSt20260311153426.0210716s2010 xx 000 0 und d a9788122414332 cAIMIT LIBRARY aeng a511.221bSRIG aSrinivasa, G.9258544 aBusiness mathematics and statistics /cBy G Srinivasa and Deepa George. a1st ed. aNew Delhi :bNew Age International Pvt Ltd ,c2010. axiv,520p. ;bPBc24.5 cm aBusiness mathematics9258545 aDiagramatical and graphical representation of data9258546 aMeasures of central tendency.9258547 aGeorge, Deepa.9258548 2ddccBKe1stk511.2 SRIG c192017d192017 00102ddc40708MCAaAIMITbAIMITeKnowledge Worldg225.00iBill no:1187; Bill dt:2012-01-27l0o511.2 SRIGpMCA11525r2026-05-23 00:00:00v168.75w2021-07-16yBK